| 000 | 01074cam a22001934a 4500 | ||
|---|---|---|---|
| 005 | 20250605164329.0 | ||
| 008 | 250528s ||||||||||||||||||||||||d | ||
| 035 | _a23164 | ||
| 020 | _a9780761941767 | ||
| 040 |
_aGR-AtMCL _bgre _dGR-AtMCL _eAACR2 |
||
| 245 | 1 | _aDeveloping Learning in Early Childhood | |
| 260 |
_bSage Publications, _c2007 |
||
| 300 | _a232 | ||
| 520 | _aTis book shows how adults can support children and actively help them develop their learning in early childhood. It is an essential text for students training to teach children between the ages of three and eight. Acknowledgements, Foreword, Preface for the 0 - 8 Series, Background: Holistic Services for the Whole Children, How Does Learning Develop?, Mind and Brain, A Sense of Self, Social and Cultural Development, Communication, Talk, Doing Real Things, Why is Play Important?, The Essentials of Play, Using Symbols, Learning in Childhood and Beyond: Charlie's Day, Bibliography and References, Index. | ||
| 700 | 1 |
_aBruce Tina _93913 |
|
| 942 | _cBK | ||
| 999 |
_c8194 _d8194 |
||